000
00287nam a2200121Ia 4500
008
220120s9999||||xx |||||||||||||| ||und||
082
_a
423 CRY
100
_a
Crystal, David
_9
2821
245
0
_a
Cambridge paperback encyclopedia
260
_c
2002
300
_b
0
650
_a
ELECTRONICS
999
_c
136865
_d
136865